[Event "Tourn. n7939"]
[Site "www.chess-mail.com"]
[Date "2015.02.19"]
[Round "1"]
[White "Bojan"]
[Black "Picifarkinca"]
[WhiteElo "1940"]
[BlackElo "1970"]
[Result "1/2-1/2"]
[Round "1"]
1.c4 d5
2.cxd5 Qd8xd5
3.Nb1c3 Qd5a5
4.d4 c6
5.Bc1d2 Ng8f6
6.g3 Nb8d7
7.Bf1g2 Qa5d8
8.Ng1f3 e6
9.e4 Bf8e7
10.h3 O-O
11.Qd1c2 Nd7b6
12.b3 Nf6d7
13.e5 Nb6d5
14.Nc3xd5 cxd5
15.Qc2d3 a5
16.a3 f5
17.Nf3h2 b6
18.O-O Bc8a6
19.Qd3f3 Ba6xf1
20.Bg2xf1 Ra8c8
21.Bf1d3 Be7g5
22.Bd2e1 Nd7b8
23.Bd3b5 Rf8f7
24.Qf3d3 Rf7c7
25.Nh2f3 Rc7c1
26.Ra1xc1 Rc8xc1
27.Kg2 Bg5e7
28.Be1d2 Rc1c8
29.Nf3e1 Be7xa3
30.Ne1c2 Ba3e7
31.b4 axb4
32.Nc2xb4 Qd8f8
33.Nb4c2 Rc8c7
34.Qd3b3 Qf8c8
35.Bb5d3 Qc8b7
36.Nc2b4 Qb7a8
37.Nb4c2 { draw }
1/2-1/2

[Event "Tourn. n7862"]
[Site "www.chess-mail.com"]
[Date "2015.02.19"]
[Round "1"]
[White "Ingauno64"]
[Black "Szustan"]
[WhiteElo "2510"]
[BlackElo "2600"]
[Result "1-0"]
[Round "1"]
1.Ng1f3 Nb8c6
2.d4 d5
3.c4 dxc4
4.d5 Nc6b8
5.e4 e6
6.Bf1xc4 exd5
7.Bc4xd5 Ng8f6
8.O-O Nf6xd5
9.exd5 Bf8e7
10.Nb1c3 O-O
11.Bc1f4 Be7d6
12.Qd1d4 Nb8d7
13.Bf4xd6 cxd6
14.Nc3e4 Nd7b6
15.Ne4g3 Bc8d7
16.Ng3h5 f6
17.Nh5f4 Rf8e8
18.a4 a5
19.b3 Bd7g4
20.Nf3d2 Ra8c8
21.h3 Bg4d7
22.Ra1c1 Re8e5
23.Nd2f3 Rc8xc1
24.Rf1xc1 Re5e8
25.Qd4d2 Qd8a8
26.h4 Re8e4
27.h5 Qa8e8
28.h6 Nb6c8
29.Nf4e6 gxh6
30.Rc1c7 Nc8e7
31.Rc7xb7 Ne7xd5
32.Qd2xd5 Qe8xe6
33.Qd5xa5 Bd7c6
34.Rb7c7 Bc6e8
35.Qa5b6 Qe6d5
36.a5 Qd5b5
37.Rc7a7 Qb5c6
38.Qb6xc6 Be8xc6
39.a6 Re4g4
40.Kh2 Rg4b4
41.Ra7c7 Bc6d5
42.a7 h5
43.Nf3d2 { resign }
1-0

[Event "Tourn. n8100"]
[Site "www.chess-mail.com"]
[Date "2015.02.19"]
[Round "1"]
[White "Terrible"]
[Black "Cristero"]
[WhiteElo "2270"]
[BlackElo "2160"]
[Result "1-0"]
[Round "1"]
1.d4 Ng8f6
2.Ng1f3 e6
3.c4 Bf8b4
4.Bc1d2 Qd8e7
5.a3 Bb4xd2
6.Nb1xd2 O-O
7.e4 d6
8.e5 dxe5
9.dxe5 Nf6d7
10.Bf1d3 Nb8c6
11.Qd1e2 b6
12.Qe2e4 { resign }
1-0

[Event "Tourn. n7892"]
[Site "www.chess-mail.com"]
[Date "2015.02.19"]
[Round "1"]
[White "Currivan"]
[Black "Georgepapi"]
[WhiteElo "1730"]
[BlackElo "1740"]
[Result "0-1"]
[Round "1"]
1.d4 Ng8f6
2.Nb1c3 d5
3.Ng1f3 Nb8c6
4.e3 Bc8g4
5.Bf1e2 e6
6.O-O Bf8d6
7.h3 Bg4h5
8.Be2b5 O-O
9.Bb5xc6 bxc6
10.b3 Bd6b4
11.Bc1b2 c5
12.dxc5 Bb4xc5
13.Nc3a4 Bc5e7
14.Bb2xf6 Be7xf6
15.Ra1b1 c6
16.Na4c5 Qd8d6
17.b4 a5
18.Nc5b7 Qd6e7
19.bxa5 Rf8b8
20.a6 Ra8xa6
21.g4 Bh5g6
22.Qd1e2 Ra6xa2
23.Rf1c1 Rb8xb7
24.Rb1xb7 Qe7xb7
25.Nf3e1 Qb7b2
26.Qe2d2 Bf6c3
27.Qd2d1 Bc3xe1
28.Qd1xe1 Bg6xc2
29.Kg2 Bc2e4
30.Kg1 Qb2b5
31.Rc1d1 c5
32.Rd1a1 Ra2xa1
33.Qe1xa1 Qb5b1
34.Qa1xb1 Be4xb1
35.Kf1 c4
36.Ke1 c3
37.Kd1 c2
38.Kc1 Kf8
39.f4 Ke7
40.Kb2 Kd6
41.h4 Kc5
42.g5 g6
43.Kc1 Kc4
44.Kd2 d4
45.exd4 Kxd4
{ resign }
0-1

[Event "Tourn. n7998"]
[Site "www.chess-mail.com"]
[Date "2015.02.19"]
[Round "1"]
[White "Forest"]
[Black "Yakke"]
[WhiteElo "1630"]
[BlackElo "1800"]
[Result "0-1"]
[Round "1"]
1.d4 f5
2.Ng1f3 e6
3.c4 b6
4.Nb1c3 Bc8a6
5.e3 Ng8f6
6.Bf1d3 d5
7.cxd5 Nf6xd5
8.Bd3xa6 Nb8xa6
9.O-O Bf8e7
10.Qd1a4 Qd8d7
11.Qa4xa6 O-O
12.Nc3xd5 Qd7xd5
 { time }
0-1

[Event "Tourn. n8080"]
[Site "www.chess-mail.com"]
[Date "2015.02.19"]
[Round "1"]
[White "Guidom"]
[Black "Mrbabu"]
[WhiteElo "2060"]
[BlackElo "2010"]
[Result "0-1"]
[Round "1"]
1.e4 c5
2.Ng1f3 Nb8c6
3.d4 cxd4
4.Nf3xd4 a6
5.c3 e5
6.Nd4b3 h6
7.Bf1c4 Ng8f6
8.Qd1e2 d6
9.O-O Bf8e7
10.f4 O-O
11.fxe5 dxe5
12.Kh1 Bc8g4
13.Qe2e3 Qd8c7
14.Nb1d2 Ra8d8
15.h3 Bg4h5
16.Qe3g3 b5
17.Bc4d5 Nf6xd5
18.exd5 Rd8xd5
19.Nd2e4 Bh5g6
20.Ne4f2 Kh7
21.Bc1e3 f5
22.Qg3f3 Rf8d8
23.Rf1d1 Rd5xd1
24.Ra1xd1 Rd8xd1
25.Qf3xd1 f4
26.Be3c1 e4
27.Nf2g4 e3
28.Qd1f3 h5
29.Ng4h2 Qc7d6
30.Nh2f1 Be7g5
31.Qf3e2 Qd6d3
32.Qe2e1 Bg5h4
33.Qe1xh4 Qd3xf1
34.Kh2 Qf1f2
35.Qh4xf2 exf2
36.Nb3d2 Bg6d3
37.g4 f1Q
38.Nd2xf1 Bd3xf1
39.Bc1xf4 hxg4
40.hxg4 Kg6
41.Kg3 Kf6
42.Kf2 g5
43.Bf4e3 Bf1c4
44.b3 Bc4e6
45.Kg3 Kg6
46.Be3d4 Nc6xd4
47.cxd4 Kf6
48.Kf3 Be6d5
49.Ke3 Ke6
50.Kf2 Bd5b7
51.Ke3 Kd5
{ resign }
0-1

[Event "Tourn. n8057"]
[Site "www.chess-mail.com"]
[Date "2015.02.19"]
[Round "1"]
[White "4knights"]
[Black "Louis"]
[WhiteElo "1759"]
[BlackElo "1830"]
[Result "0-1"]
[Round "1"]
1.d4 d5
2.c4 e6
3.Ng1f3 Bf8b4
4.Bc1d2 a5
5.Nb1c3 Ng8f6
6.a3 Bb4e7
7.Bd2f4 O-O
8.e3 b6
9.Bf1d3 Bc8a6
10.b3 Nb8d7
11.O-O c5
12.Rf1e1 Ra8c8
13.Ra1c1 cxd4
14.exd4 Be7xa3
15.Rc1b1 Ba3b4
16.Nf3e5 dxc4
{ resign }
0-1

[Event "Tourn. n8048"]
[Site "www.chess-mail.com"]
[Date "2015.02.19"]
[Round "1"]
[White "Julian"]
[Black "Groz"]
[WhiteElo "1980"]
[BlackElo "1809"]
[Result "1-0"]
[Round "1"]
1.e4 g6
2.d4 Bf8g7
3.c4 a6
4.Nb1c3 e6
5.g3 Ng8e7
6.Bf1g2 O-O
7.Ng1e2 d5
8.cxd5 exd5
9.e5 c6
10.O-O f6
11.exf6 Bg7xf6
12.Bc1h6 Bf6g7
13.Bh6g5 Qd8d7
14.Ne2f4 Ne7f5
15.Rf1e1 Qd7d6
16.g4 Nf5xd4
17.Nf4xd5 cxd5
18.Bg2xd5 Kh8
19.Bg5e7 { resign }
1-0

[Event "Tourn. n8060"]
[Site "www.chess-mail.com"]
[Date "2015.02.19"]
[Round "1"]
[White "Ffdd65"]
[Black "Guidom"]
[WhiteElo "2140"]
[BlackElo "2040"]
[Result "1-0"]
[Round "1"]
1.e4 e5
2.Ng1f3 Nb8c6
3.b3 d6
4.d4 Bc8g4
5.d5 Nc6d4
6.Bf1e2 Nd4xe2
7.Qd1xe2 a6
8.Nb1d2 f5
9.h3 Bg4xf3
10.Qe2xf3 f4
11.Nd2f1 Bf8e7
12.g3 fxg3
13.Nf1xg3 Ng8f6
14.Ng3f5 g6
15.Nf5g7 Kf7
16.Ng7e6 Qd8d7
17.Bc1g5 h6
18.Bg5xf6 Be7xf6
19.O-O-O Ke7
20.Rd1g1 Rh8g8
21.Rg1g4 g5
22.Qf3f5 Bf6g7
23.h4 Qd7e8
24.Ne6xc7 Qe8c8
25.Nc7xa8 Qc8xf5
26.exf5 h5
27.Rg4g3 Rg8xa8
28.hxg5 Kf7
29.Rh1xh5 Ra8g8
30.Rg3c3 Rg8b8
31.Rc3c7 Kg8
32.Rc7d7 Bg7f8
33.Rd7h7 b5
34.f6 { resign }
1-0

[Event "Tourn. n7992"]
[Site "www.chess-mail.com"]
[Date "2015.02.19"]
[Round "1"]
[White "Bojan"]
[Black "Wegaman"]
[WhiteElo "2030"]
[BlackElo "1940"]
[Result "1/2-1/2"]
[Round "1"]
1.c4 c5
2.Ng1f3 Ng8f6
3.b3 e6
4.Bc1b2 Bf8e7
5.Qd1c2 O-O
6.e3 Nb8c6
7.Nb1c3 d5
8.d3 a6
9.Nc3e2 b5
10.cxb5 axb5
11.Ne2g3 Bc8b7
12.d4 c4
13.Bf1e2 Nc6b4
14.Qc2d2 Nb4xa2
15.bxc4 bxc4
16.O-O Qd8d7
17.Nf3e5 Qd7c7
18.Ra1b1 Bb7c8
19.Bb2a1 c3
20.Qd2c2 Be7b4
21.Ne5d3 Bb4d6
22.Rb1b3 e5
23.Ba1xc3 Na2xc3
24.Rb3xc3 Qc7e7
25.Nd3xe5 Bd6xe5
26.dxe5 Qe7xe5
27.Rc3c7 Bc8e6
{ draw }
1/2-1/2

[Event "Tourn. n7965"]
[Site "www.chess-mail.com"]
[Date "2015.02.19"]
[Round "1"]
[White "Jesmantiz"]
[Black "Liencam2"]
[WhiteElo "2170"]
[BlackElo "2240"]
[Result "1-0"]
[Round "1"]
1.d4 Ng8f6
2.e3 g6
3.Bf1d3 d5
4.Nb1d2 Bf8g7
5.f4 c5
6.c3 cxd4
7.exd4 Bc8g4
8.Ng1f3 Qd8d6
9.Nd2b3 Nf6e4
10.O-O Nb8d7
11.Qd1e1 Nd7f6
12.Nf3e5 O-O
13.Ne5xg4 Nf6xg4
14.Bd3xe4 dxe4
15.Qe1xe4 b6
16.Nb3d2 Ng4f6
17.Qe4e2 Nf6d5
18.Nd2c4 Qd6c7
19.Nc4e5 f6
20.Ne5xg6 hxg6
21.Qe2e6 Kh7
22.Qe6xd5 Ra8d8
23.Qd5f3 Rf8h8
24.f5 g5
25.Bc1e3 Kg8
26.h3 Rh8h4
27.Ra1e1 Kf7
28.Qf3e2 Rd8h8
29.Be3xg5 fxg5
30.Qe2e6 Kf8
31.f6 Bg7xf6
32.Rf1xf6 exf6
33.Qe6e8 Kg7
34.Re1e7 Qc7xe7
35.Qe8xe7 Kg6
36.Qe7xa7 Rh4e4
37.Qa7xb6 Rh8e8
38.Qb6b5 Re4e2
39.Kf1 Re2e1
40.Kf2 Re8e7
41.a4 Re1d1
42.a5 Rd1d2
43.Kf3 Re7e1
44.a6 Re1a1
45.Qb5b7 Ra1g1
46.Kg3 Rg1xg2
47.Qb7xg2 { resign }
1-0

[Event "Tourn. n7986"]
[Site "www.chess-mail.com"]
[Date "2015.02.19"]
[Round "1"]
[White "Julian"]
[Black "Andychesston"]
[WhiteElo "1930"]
[BlackElo "1760"]
[Result "1-0"]
[Round "1"]
1.e4 e5
2.Ng1f3 d6
3.Bf1c4 Ng8f6
4.Qd1e2 Bc8g4
5.h3 Bg4h5
6.c3 Nb8c6
7.d3 d5
8.exd5 Nf6xd5
9.b4 f6
10.Qe2e4 Bh5f7
11.O-O Nc6e7
12.Bc4b3 c6
13.Bc1b2 Bf7g6
14.Qe4e2 Nd5f4
15.Qe2e3 Ne7d5
16.Qe3d2 Nf4xd3
17.Bb2a3 b5
18.c4 Bf8xb4
19.Ba3xb4 Nd5xb4
20.cxb5 c5
21.Nb1c3 Ra8c8
22.Bb3e6 Rc8c7
23.Be6c4 Bg6f7
24.Bc4xf7 Rc7xf7
25.a3 Rf7d7
26.axb4 Nd3xb4
27.Qd2e2 O-O
28.Rf1d1 Qd8e7
29.Qe2c4 Kh8
30.Rd1xd7 Qe7xd7
31.Qc4xc5 Rf8c8
32.Qc5xb4 Rc8a8
33.b6 Ra8b8
34.bxa7 Rb8a8
35.Qb4b8 { resign }
1-0

[Event "Tourn. n7944"]
[Site "www.chess-mail.com"]
[Date "2015.02.19"]
[Round "1"]
[White "Dominiquer"]
[Black "Crull"]
[WhiteElo "1870"]
[BlackElo "1790"]
[Result "1-0"]
[Round "1"]
1.e4 c5
2.Ng1f3 e6
3.d4 cxd4
4.Nf3xd4 Ng8f6
5.e5 Nf6d5
6.Bf1b5 a6
7.Bb5d3 Qd8a5
8.Bc1d2 Qa5b6
9.Bd2e3 Qb6xb2
10.Nb1d2 Nd5xe3
11.fxe3 Nb8c6
12.Nd2c4 Qb2c3
13.Nc4d2 Nc6b4
14.O-O Nb4xd3
15.cxd3 Qc3xd3
16.Nd2f3 Qd3xe3
17.Kh1 Bf8c5
18.Rf1e1 Qe3f4
19.Nd4e2 Qf4h6
20.Ne2d4 O-O
21.Re1e4 f5
22.Re4h4 Qh6g6
23.Qd1d2 b6
24.Nd4e2 Rf8d8
25.Ne2f4 Qg6f7
26.Nf3g5 Qf7e7
27.Nf4d5 Qe7f8
28.Ng5xh7 Qf8f7
29.Qd2g5 g6
30.Qg5xd8 Kg7
31.Nh7g5 Qf7g8
32.Qd8f6 { resign }
1-0

[Event "Tourn. n8022"]
[Site "www.chess-mail.com"]
[Date "2015.02.19"]
[Round "1"]
[White "Oliverio"]
[Black "4knights"]
[WhiteElo "1670"]
[BlackElo "1499"]
[Result "0-1"]
[Round "1"]
1.e4 e5
2.f4 d5
3.exd5 e4
4.d3 exd3
5.Qd1xd3 Ng8f6
6.c4 Bf8e7
7.Nb1c3 a6
8.Bf1e2 Nb8d7
9.Ng1f3 O-O
10.O-O Nd7c5
11.Qd3c2 Rf8e8
12.b4 Nc5d7
13.a3 c5
 { time }
0-1

[Event "Tourn. n8014"]
[Site "www.chess-mail.com"]
[Date "2015.02.19"]
[Round "1"]
[White "Tenzinnima"]
[Black "Jaroslavpech"]
[WhiteElo "2270"]
[BlackElo "2330"]
[Result "0-1"]
[Round "1"]
1.Ng1f3 Ng8f6
2.c4 g6
3.g3 Bf8g7
4.Bf1g2 O-O
5.O-O d6
6.d4 Nb8d7
7.Nb1c3 e5
8.Bc1g5 h6
9.Bg5d2 exd4
10.Nf3xd4 Rf8e8
11.Qd1c2 Nd7b6
12.b3 d5
{ resign }
0-1

[Event "Tourn. n8024"]
[Site "www.chess-mail.com"]
[Date "2015.02.19"]
[Round "1"]
[White "Greghghs"]
[Black "Tenzinnima"]
[WhiteElo "2380"]
[BlackElo "2290"]
[Result "1-0"]
[Round "1"]
1.e4 c5
2.Ng1f3 Nb8c6
3.d4 cxd4
4.Nf3xd4 g6
5.Nb1c3 Bf8g7
6.Bc1e3 Ng8f6
7.Bf1c4 O-O
8.O-O Nc6a5
9.Bc4e2 d5
10.exd5 Nf6xd5
11.Nc3xd5 Qd8xd5
12.Nd4b5 Qd5xd1
13.Ra1xd1 Bc8f5
14.c3 a6
15.Nb5d4 Bf5d7
16.Nd4b3 Bd7b5
17.Be2xb5 axb5
18.Nb3xa5 Ra8xa5
19.a3 b4
20.axb4 Ra5a2
21.Be3c1 Rf8b8
22.Rd1d7 Kf8
23.Rf1d1 Ke8
24.Bc1g5 f6
25.Bg5f4 { resign }
1-0

[Event "Tourn. n8047"]
[Site "www.chess-mail.com"]
[Date "2015.02.19"]
[Round "1"]
[White "Faerieking"]
[Black "Winterlude"]
[WhiteElo "2250"]
[BlackElo "2540"]
[Result "0-1"]
[Round "1"]
1.e4 d5
2.exd5 Qd8xd5
3.Ng1f3 Bc8g4
4.Bf1e2 Nb8c6
5.d4 O-O-O
6.c4 Qd5f5
7.Bc1e3 Bg4xf3
8.Be2xf3 Nc6xd4
9.Be3xd4 Qf5e6
10.Bf3e2 Qe6e4
11.O-O Qe4xd4
12.Qd1a4 e6
13.Nb1c3 Bf8d6
14.Nc3b5 Qd4e5
15.Nb5xd6 cxd6
16.Be2f3 Kb8
17.Rf1e1 Qe5c5
18.b4 Qc5c7
19.Ra1c1 Ng8e7
20.c5 dxc5
21.bxc5 Ne7d5
22.c6 b6
23.Qa4b5 Rd8d6
24.Rc1c4 Rh8d8
25.Re1c1 f5
26.a4 a5
27.Bf3xd5 Rd6xd5
28.Qb5b3 Rd5d3
29.Qb3b1 Ka7
30.g3 g6
{ resign }
0-1

[Event "Match"]
[Site "www.echecsemail.com"]
[Date "2015.02.19"]
[Round "1"]
[White "Mrmoto"]
[Black "F14"]
[WhiteElo "1560"]
[BlackElo "1599"]
[Result "0-1"]
[Round "1"]
1.e4 e5
2.Ng1f3 Nb8c6
3.Bf1b5 Ng8f6
4.O-O d6
5.Rf1e1 Bf8e7
6.c3 O-O
7.d4 a6
8.Bb5a4 Bc8g4
9.Nb1d2 exd4
10.Qd1b3 b5
11.Nf3xd4 Nc6xd4
12.cxd4 bxa4
13.Qb3e3 Rf8e8
14.f3 Bg4d7
15.Nd2f1 Bd7b5
16.Nf1g3 Be7f8
17.Bc1d2 c5
18.dxc5 dxc5
19.h3 Ra8c8
20.Ra1d1 c4
21.Bd2b4 Qd8c7
22.Bb4xf8 Kxf8
23.Ng3f5 c3
24.Qe3xc3 Qc7xc3
25.bxc3 Rc8xc3
26.Nf5d6 Re8d8
27.e5 Nf6h5
28.Nd6xb5 Rd8xd1
29.Re1xd1 axb5
30.Rd1d5 Nh5f4
31.Rd5xb5 Rc3a3
32.Rb5b8 Ke7
{ resign }
0-1

[Event "Match"]
[Site "www.echecsemail.com"]
[Date "2015.02.19"]
[Round "1"]
[White "Muchomurka"]
[Black "Capitaine"]
[WhiteElo "2470"]
[BlackElo "2340"]
[Result "1-0"]
[Round "1"]
1.e4 c5
2.Ng1f3 d6
3.d4 cxd4
4.Nf3xd4 Ng8f6
5.Nb1c3 g6
6.Bc1e3 Bf8g7
7.f3 O-O
8.Qd1d2 Nb8c6
9.Bf1c4 Bc8d7
10.O-O-O Ra8c8
11.Bc4b3 Nc6xd4
12.Be3xd4 b5
13.h4 a5
14.h5 a4
15.Bd4xf6 exf6
16.Qd2xd6 axb3
17.Qd6xd7 Qd8xd7
18.Rd1xd7 b4
19.h6 Bg7h8
20.Nc3d5 Rc8xc2
21.Kb1 Rf8e8
22.Nd5xb4 Rc2xg2
23.Nb4d3 bxa2
24.Kxa2 Re8b8
25.Ka3 Rg2g5
26.b4 Rg5g2
27.Rh1d1 Rg2g3
28.Nd3e5 Rb8f8
29.Ne5c6 { resign }
1-0

[Event "Match"]
[Site "www.echecsemail.com"]
[Date "2015.02.19"]
[Round "1"]
[White "Rindrandria"]
[Black "Ranjachess"]
[WhiteElo "1490"]
[BlackElo "1720"]
[Result "1-0"]
[Round "1"]
1.e3 Ng8f6
2.Bf1d3 e5
3.e4 d5
4.exd5 Qd8xd5
5.f3 e4
6.fxe4 Nf6xe4
7.Qd1e2 f5
8.Nb1c3 Qd5d4
9.Ng1f3 Qd4b6
10.Nc3d5 Qb6c6
11.Bd3b5 Nb8a6
12.Nf3d4 Bf8c5
13.Nd4xc6 O-O
14.Bb5xa6 bxc6
15.Ba6c4 Kh8
16.Nd5xc7 Ra8b8
17.d3 Bc5f2
18.Kd1 Bf2b6
19.Nc7e6 Bc8xe6
20.Bc4xe6 Ne4f2
21.Ke1 Nf2xh1
22.Bc1h6 gxh6
23.Qe2e5 Rf8f6
24.Qe5xf6 
1-0

[Event "Match"]
[Site "www.echecsemail.com"]
[Date "2015.02.19"]
[Round "1"]
[White "Sorren"]
[Black "Bbking"]
[WhiteElo "1840"]
[BlackElo "1540"]
[Result "1-0"]
[Round "1"]
1.e4 e5
2.Ng1f3 Nb8c6
3.Bf1c4 Bf8c5
4.O-O Ng8f6
5.Nb1c3 d6
6.d3 Bc8g4
7.h3 Bg4xf3
8.Qd1xf3 O-O
9.Bc1g5 h6
10.Bg5xf6 Qd8xf6
11.Qf3xf6 gxf6
12.Nc3d5 Ra8c8
13.Nd5xf6 Kg7
14.Nf6d7 Rf8h8
15.Nd7xc5 dxc5
16.f4 f6
17.Bc4d5 Rc8d8
18.Bd5xc6 bxc6
19.fxe5 fxe5
20.Rf1f5 Rh8e8
21.Ra1f1 Re8f8
22.Rf5xe5 Rf8xf1
23.Kxf1 Rd8f8
24.Ke2 c4
25.Re5e7 Kg8
26.Re7xc7 { resign }
1-0

[Event "Match"]
[Site "www.echecsemail.com"]
[Date "2015.02.19"]
[Round "1"]
[White "Picifarkinca"]
[Black "Muller42"]
[WhiteElo "1840"]
[BlackElo "1649"]
[Result "1-0"]
[Round "1"]
1.Ng1f3 d5
2.g3 c6
3.Bf1g2 Nb8d7
4.O-O e5
5.d3 f5
6.Nb1d2 Ng8f6
7.c3 Bf8e7
8.Qd1c2 O-O
9.e4 fxe4
10.dxe4 Be7d6
11.Nf3g5 Nd7b6
12.a4 a5
13.c4 Qd8e7
14.b3 d4
15.Nd2f3 h6
16.Ng5h3 Nb6d7
17.Nf3h4 Qe7e8
18.f4 c5
19.f5 Rf8f7
20.Nh3f2 Nd7f8
21.Nh4f3 Kh7
22.Qc2d3 g6
23.Qd3d2 Nf6g8
24.Nf2g4 g5
25.Qd2e1 Qe8e7
26.Bc1d2 b6
27.Qe1c1 Nf8d7
28.h4 gxh4
29.Bd2xh6 hxg3
30.Nf3g5 Kh8
31.Ng5xf7 Qe7xf7
32.Bh6d2 Qf7h5
33.Bg2f3 Nd7f6
34.Kg2 Kg7
35.Rf1h1 Qh5e8
36.Bd2h6 Kf7
37.Qc1g5 Ke7
38.Bh6g7 { resign }
1-0

[Event "Match"]
[Site "www.echecsemail.com"]
[Date "2015.02.19"]
[Round "1"]
[White "Muller42"]
[Black "Paco"]
[WhiteElo "1809"]
[BlackElo "1990"]
[Result "1-0"]
[Round "1"]
1.e4 e5
2.Ng1f3 Nb8c6
3.Bf1b5 a6
4.Bb5a4 b5
5.Ba4b3 Ng8f6
6.O-O Nf6xe4
7.d4 Nc6xd4
8.Bb3xf7 Kxf7
9.Nf3xe5 Kg8
10.Qd1xd4 Bc8b7
11.Qd4xd7 Qd8xd7
12.Ne5xd7 Bf8d6
13.f3 Ne4c5
14.Nd7xc5 Bb7c6
15.Bc1e3 h6
16.Nb1c3 b4
17.Nc3e4 Bd6e5
18.Nc5d3 Be5d6
19.Ne4xd6 cxd6
20.Nd3xb4 Bc6b5
21.Rf1e1 a5
22.Nb4d5 Kh7
23.Be3d4 Bb5c6
24.c4 a4
25.b3 a3
26.Re1e7 Rh8g8
27.Nd5f6 Kh8
28.Nf6xg8 Kxg8
29.Re7xg7 Kf8
30.Ra1e1 d5
31.cxd5 Bc6xd5
32.Rg7h7 Ra8d8
33.Bd4c5 Kg8
34.Re1e7 Rd8c8
35.Re7g7 { resign }
1-0

[Event "Match"]
[Site "www.echecsemail.com"]
[Date "2015.02.19"]
[Round "1"]
[White "Udo40"]
[Black "F14"]
[WhiteElo "1700"]
[BlackElo "1599"]
[Result "0-1"]
[Round "1"]
1.d4 Ng8f6
2.c4 g6
3.Nb1c3 d5
4.cxd5 Nf6xd5
5.e4 Nd5xc3
6.bxc3 Bf8g7
7.Bc1e3 c5
8.Ng1f3 Nb8c6
9.Bf1b5 Qd8a5
10.Bb5xc6 bxc6
11.Be3d2 Bc8a6
12.c4 Qa5d8
13.dxc5 Ba6xc4
14.a3 Bg7xa1
15.Qd1xa1 O-O
16.Bd2h6 Qd8a5
17.Nf3d2 f6
18.Bh6xf8 Ra8xf8
19.f3 Rf8d8
20.Qa1c1 Bc4b5
21.g3 Rd8d3
22.h3 Rd3xf3
23.g4 Rf3e3
24.Kd1 Bb5a4
{ resign }
0-1

[Event "Match"]
[Site "www.echecsemail.com"]
[Date "2015.02.19"]
[Round "1"]
[White "Saidgermany"]
[Black "Paco"]
[WhiteElo "1809"]
[BlackElo "1990"]
[Result "1-0"]
[Round "1"]
1.e4 e5
2.Ng1f3 Nb8c6
3.Bf1b5 a6
4.Bb5xc6 dxc6
5.O-O Bf8d6
6.h3 Ng8f6
7.d3 Bc8e6
8.d4 Nf6xe4
9.Qd1e2 Be6d5
10.c4 O-O
11.cxd5 cxd5
12.dxe5 Bd6c5
13.Bc1e3 d4
14.Be3d2 Ne4xd2
15.Nb1xd2 d3
16.Qe2e4 c6
17.e6 fxe6
18.Qe4xe6 Kh8
19.Rf1e1 Qd8b6
20.Re1f1 Qb6xb2
21.Ra1b1 Qb2c2
22.Rb1xb7 Ra8c8
23.Rf1e1 h6
24.Qe6d7 Rf8g8
25.Re1e6 Kh7
26.Qd7f7 Qc2c1
27.Kh2 Rc8f8
28.Qf7g6 Kh8
29.Qg6xh6 { resign }
1-0

[Event "Match"]
[Site "www.echecsemail.com"]
[Date "2015.02.19"]
[Round "1"]
[White "4knights"]
[Black "Billyg"]
[WhiteElo "1499"]
[BlackElo "1600"]
[Result "0-1"]
[Round "1"]
1.d4 e6
2.e4 a6
3.Ng1f3 h6
4.c4 Bf8b4
5.Nb1c3 Ng8f6
6.Bc1d2 Bb4xc3
7.bxc3 Nf6xe4
8.Bf1d3 Ne4xd2
9.Qd1xd2 O-O
10.O-O d5
11.Ra1b1 c6
12.Rf1e1 Nb8d7
13.c5 Rf8e8
14.Nf3e5 Nd7xe5
15.Re1xe5 f6
16.Re5h5 f5
17.Qd2e3 Qd8f6
18.Rb1e1 Bc8d7
19.Qe3f4 Re8f8
20.Re1e3 Bd7e8
21.Rh5h3 b5
22.Re3g3 Kh8
23.Bd3e2 Ra8a7
24.Be2h5 Be8xh5
25.Rh3xh5 a5
26.Qf4d6 b4
27.Qd6xc6 f4
28.Rg3h3 Qf6g6
29.Rh5e5 Qg6b1
{ resign }
0-1

[Event "1/128 Finale"]
[Site "www.chess-mail.com"]
[Date "2015.02.19"]
[Round "1"]
[White "Gorgo"]
[Black "Cl3537"]
[WhiteElo "1599"]
[BlackElo "1420"]
[Result "1-0"]
[Round "1"]
1.d4 d5
2.c4 c5
3.Ng1f3 Nb8c6
4.cxd5 Nc6xd4
5.Nf3xd4 e6
6.Nd4f3 exd5
7.e4 dxe4
8.Qd1xd8 Kxd8
9.Nf3g5 Bf8d6
10.Ng5xf7 Ke7
11.Nf7xh8 Ng8f6
12.Nb1c3 Bc8e6
13.Bc1g5 b6
14.Nc3xe4 Ra8xh8
15.Ne4xd6 Kxd6
16.Bf1b5 Ke7
17.O-O-O h6
18.Bg5xf6 Kf7
19.Bf6e5 Rh8c8
20.Rh1e1 g5
21.Be5c3 h5
22.Re1xe6 Kxe6
23.Bb5d7 Kf7
24.Bd7xc8 g4
25.Bc8f5 a5
26.Rd1d7 Ke8
27.Bf5e6 Kf8
28.Bc3f6 b5
29.Rd7d8 
1-0

[Event "Eq:CONFOEDERATIONIS HELVETICAE-Los Tercios : "]
[Site "www.chess-mail.com"]
[Date "2015.02.19"]
[Round "1"]
[White "Desiderio"]
[Black "Asiamen"]
[WhiteElo "2070"]
[BlackElo "2110"]
[Result "1-0"]
[Round "1"]
1.d4 Ng8f6
2.c4 c5
3.d5 b5
4.cxb5 a6
5.e3 Qd8a5
6.Bc1d2 Qa5c7
7.Nb1c3 g6
8.e4 Bf8g7
9.Ng1f3 O-O
10.Bf1e2 d6
11.O-O Bc8d7
12.Ra1b1 axb5
13.Nc3xb5 Bd7xb5
14.Be2xb5 Nf6d7
15.Bb5xd7 Nb8xd7
16.a3 Rf8b8
17.Bd2c3 Bg7xc3
18.bxc3 Rb8xb1
19.Qd1xb1 Ra8xa3
20.Qb1b2 Qc7a7
21.Rf1c1 Ra3a2
22.Qb2b5 Ra2a1
23.Qb5f1 Ra1xc1
24.Qf1xc1 Qa7a4
25.Nf3d2 c4
26.f3 Qa4a7
27.Kf1 Qa7e3
28.Qc1c2 Qe3d3
29.Qc2xd3 cxd3
30.Kf2 Nd7c5
31.Ke3 Kg7
32.Nd2c4 h6
33.Nc4b2 Kf6
34.Nb2xd3 Nc5xd3
35.Kxd3 Ke5
36.Ke3 g5
37.g3 f5
38.exf5 Kxf5
39.Kd4 h5
40.c4 g4
41.f4 Kf6
42.c5 dxc5
43.Kxc5 Kg6
44.d6 exd6
45.Kxd6 Kf6
46.Kd5 Kf5
47.Kd4 Kf6
48.Ke4  { time }
1-0

[Event "Eq:Slap Shot Mates-BEAC Hungary : "]
[Site "www.chess-mail.com"]
[Date "2015.02.19"]
[Round "1"]
[White "Sebolix"]
[Black "Hali"]
[WhiteElo "2680"]
[BlackElo "2150"]
[Result "1-0"]
[Round "1"]
1.b3 e5
2.Bc1b2 Nb8c6
3.e3 Ng8f6
4.Bf1b5 d6
5.Ng1e2 Bf8e7
6.d4 exd4
7.Ne2xd4 Bc8d7
8.Nd4xc6 bxc6
9.Bb5d3 Bd7g4
10.Qd1d2 O-O
11.O-O d5
12.c4 a5
13.Qd2c2 Ra8b8
14.Nb1c3 Bg4e6
15.Rf1d1 Qd8c8
16.cxd5 cxd5
17.Ra1c1 c6
18.Nc3a4 Be6d7
19.Na4c5 Rb8b6
20.Bb2d4 Bd7e8
21.Nc5e6 Rb6xb3
22.Ne6xf8 Rb3b4
23.Nf8xh7 Nf6xh7
24.Bd3xh7 Kh8
25.Bh7f5 { resign }
1-0

[Event "Fast Game"]
[Site "www.echecsemail.com"]
[Date "2015.02.19"]
[Round "1"]
[White "Groz"]
[Black "Kollipaa"]
[WhiteElo "1599"]
[BlackElo "1670"]
[Result "0-1"]
[Round "1"]
1.d4 b6
2.Ng1f3 Bc8b7
3.g3 Ng8f6
4.Bf1g2 e6
5.O-O Bf8e7
6.c4 O-O
7.Nb1c3 d5
8.Nf3e5 c6
9.e4 dxe4
10.Nc3xe4 Nf6xe4
11.Bg2xe4 Nb8d7
12.Ne5xc6 Bb7xc6
13.Be4xc6 Ra8c8
14.Bc6xd7 Qd8xd7
15.b3 Be7f6
16.Bc1b2 Rf8d8
17.Qd1f3 Qd7c7
18.Ra1d1 a5
19.Rd1d3 Rd8d7
20.Rf1d1 Rc8d8
21.a4 h6
22.h4 Qc7b7
23.Qf3xb7 Rd7xb7
24.Bb2c3 Rb7d7
25.Kg2 Bf6e7
26.Kf3 f6
27.d5 e5
28.g4 Be7c5
29.Rd1d2 Rd8e8
30.Ke4 g6
31.f3 Rd7d6
32.Rd2h2 Bc5g1
33.Rh2g2 { time. }
0-1

[Event "Tourn. n7992"]
[Site "www.chess-mail.com"]
[Date "2015.02.19"]
[Round "1"]
[White "Osopanda"]
[Black "Wegaman"]
[WhiteElo "2010"]
[BlackElo "1940"]
[Result "1/2-1/2"]
[Round "1"]
1.c4 c5
2.Ng1f3 Ng8f6
3.d4 cxd4
4.Nf3xd4 d5
5.Nb1c3 e6
6.cxd5 exd5
7.Bc1g5 Bf8e7
8.e3 O-O
9.Bf1d3 Nb8c6
10.O-O Rf8e8
11.Qd1f3 Nc6xd4
12.exd4 Bc8e6
13.Ra1e1 h6
14.Bg5f4 Qd8b6
15.Bf4e5 Qb6xb2
16.Nc3b5 Qb2xa2
17.Nb5c7 Qa2a5
18.Nc7xa8 Re8xa8
19.Qf3g3 a6
20.Re1e3 b5
21.Re3f3 Kf8
22.h3 b4
23.Be5d6 Be7xd6
24.Qg3h4 Bd6e7
{ draw }
1/2-1/2

[Event "Tourn. n8005"]
[Site "www.chess-mail.com"]
[Date "2015.02.19"]
[Round "1"]
[White "Manuel09"]
[Black "Osopanda"]
[WhiteElo "1919"]
[BlackElo "2060"]
[Result "1/2-1/2"]
[Round "1"]
1.e4 c5
2.Ng1f3 d6
3.d4 cxd4
4.Nf3xd4 Ng8f6
5.Nb1c3 a6
6.h3 e5
7.Nd4f3 h6
8.Bf1d3 Bc8e6
9.O-O Nb8d7
10.Rf1e1 Ra8c8
11.Nc3e2 Bf8e7
12.Ne2g3 b5
13.c3 O-O
14.Bc1d2 d5
15.exd5 Nf6xd5
16.Nf3xe5 Nd7xe5
17.Re1xe5 Be7d6
18.Re5e1 Qd8b6
19.Qd1f3 Nd5f6
20.Bd3c2 Be6d5
21.Qf3d3 Bd5c4
22.Qd3f3 Rf8e8
23.b3 Bd6xg3
24.Qf3xg3 Re8xe1
25.Ra1xe1 Bc4e6
26.Bd2e3 Qb6c7
27.Qg3xc7 Rc8xc7
28.Be3d4 Nf6d5
29.Bd4e5 Rc7c8
30.c4 bxc4
31.bxc4 Nd5b4
32.Bc2b3 Nb4d3
33.Re1e4 Nd3xe5
34.Re4xe5 Be6xc4
35.Bb3xc4 Rc8xc4
36.Re5a5 Rc4c6
37.g3 g5
38.Kg2 Kg7
39.g4 { draw }
1/2-1/2

[Event "Tourn. n8057"]
[Site "www.chess-mail.com"]
[Date "2015.02.19"]
[Round "1"]
[White "Drdoom"]
[Black "4knights"]
[WhiteElo "1740"]
[BlackElo "1759"]
[Result "1-0"]
[Round "1"]
1.e4 e5
2.Ng1f3 Ng8f6
3.Nf3xe5 d6
4.Ne5f3 Nf6xe4
5.Qd1e2 Qd8e7
6.d4 Bc8f5
7.Kd1 Nb8d7
8.Rh1g1 d5
9.Bc1e3 O-O-O
10.Nb1d2 Qe7b4
11.Ra1b1 Bf8d6
12.Kc1 Rh8e8
13.h3 Ne4xd2
14.Nf3xd2 a6
15.a3 Qb4a4
16.Nd2b3 Re8e7
17.Qe2h5 g6
18.Qh5xh7 Bd6f4
19.g4 Bf4xe3
20.fxe3 Bf5e4
21.Bf1g2 Nd7f6
22.Qh7h4 Qa4c6
23.Bg2xe4 dxe4
24.Kd2 b6
25.Rb1e1 Rd8d6
26.g5 Nf6h5
27.Qh4g4 Kb8
28.h4 Qc6b5
29.Kc1 a5
30.Nb3d2 Re7d7
31.Qg4xe4 Rd6e6
32.Qe4f3 Rd7d5
33.Qf3xf7 Rd5f5
34.Qf7xe6 { resign }
1-0